Suomalaiset joukkueet: eläinversio 2 - Statistics

Yleistilastot
  • Tätä visaa on pelattu 46 kertaa
  • Keskiarvotulos 11 / 28
Vastaustilastot
Kuvavisa Hint Vastaus % Oikein
Liiga Lahden Pelicans
100%
Liiga Oulun Kärpät
100%
Liiga / Veikkausliiga Tampereen Ilves
100%
Liiga Vaasan Sport
75%
maajoukkue Huuhkajat
73%
maajoukkue Leijonat
70%
maajoukkue Susijengi
66%
Mestis Kiekko-Vantaa
48%
Korisliiga (miehet) Helsinki Seagulls
45%
Mestis Iisalmen Peli-Karhut
41%
Suomi-sarja Haukat
39%
Korisliiga (miehet) Korihait
39%
Naisten Superpesis Porin Pesäkarhut
39%
Korisliiga (miehet) Kobrat
36%
Korisliiga (miehet) Loimaan Korikonkarit
30%
Korisliiga (miehet) Kauhajoen Karhu
25%
Suomi-sarja SaPKo
25%
Miesten Ykköspesis Jyväskylän Lohi
18%
Korisliiga (naiset) Peli-Karhut
18%
F-liiga (miehet) Happee
16%
Mestaruusliiga (lentopallo) Kokkolan Tiikerit
14%
F-liiga (naiset) O2-Jyväskylä
11%
F-liiga (naiset) SS Rankat Ankat
11%
Mestaruusliiga (lentopallo) VaLePa
11%
F-liiga (miehet) Nokian KrP
7%
Miesten Ykköspesis Koskenkorvan Urheilijat
5%
Korisliiga Kouvot / Kouvottaret
5%
Suomi-sarja Porvoo Hunters
2%
Ehtoja vastaavia visoja ei löytynyt
Tulosjakauma
Jokaisen tuloksen saaneiden osuus
Persentiili vastausten määrän mukaan
Tuloshistoriasi
Et ole pelannut tätä visaa